[Event "Capablanca Memorial Elite 32nd"]
[Site "Cienfuegos"]
[Date "1997.05.05"]
[Round "1"]
[White "Borges Matos, Juan R"]
[Black "Rodriguez Cespedes, Amador"]
[Result "1/2-1/2"]
[WhiteElo "2500"]
[BlackElo "2555"]
[Annotator "Avrukh,B"]
[PlyCount "43"]
[EventDate "1997.05.05"]
[EventType "tourn"]
[EventRounds "11"]
[EventCountry "CUB"]
[EventCategory "12"]
[SourceTitle "CBM 059"]
[Source "ChessBase"]
[SourceDate "1997.08.01"]
[SourceVersion "1"]
[SourceVersionDate "1997.08.01"]
[SourceQuality "1"]

1. d4 Nf6 2. c4 e6 3. Nf3 b6 4. g3 Ba6 5. Qa4 {Nowadays this variation is not
so popular, because white cannot achieve advantage in two main lines of this
variation;in variation, which was occured in the game,with 7...Bc5 and also
with 7...bc.But, i think white still has some chances to improve something.}
Bb7 6. Bg2 c5 7. dxc5 Bxc5 8. O-O O-O 9. Nc3 Be7 10. Rd1 Na6 11. Bf4 Qc8 12.
Rac1 Nc5 13. Qc2 Nce4 14. h3 (14. Nd4 Nxc3 15. Qxc3 Rd8 (15... a6 $5) 16. Nb5 {
[%csl Gd6]} Bxg2 17. Kxg2 Ne8 18. Qf3 Qc6 19. b3 g5 20. Be3 g4 21. Qxc6 dxc6
22. Rxd8 Bxd8 23. Nd4 Rc8 24. h3 $1 gxh3+ $2 (24... h5 $142) 25. Kxh3 $14 {
Goldin,A-Ivanov,A/New York op 1991/1-0 (75)}) (14. Nxe4 Bxe4 15. Qa4 (15. Qb3
Qb7 16. Bd6 Bxd6 17. Rxd6 Rac8 $11 {Dlugy,M-Adorjan,A/New York 1984}) (15. Qd2
$5 Qb7 16. Bd6 Bxd6 17. Qxd6 Rac8 18. b3 h6 19. Rd4 Rc6 20. Qf4 Rc5 21. Rd6 b5
22. Bf1 bxc4 23. bxc4 Rf5 $17 {0-1 Dautov,R-Smirin,I/URS-sf Daugavpils 1989 
(40)}) 15... Bc6 16. Qb3 Qa6 17. Bd6 Bxd6 18. Rxd6 Ne4 19. Rd4 Nc5 (19... Rac8
$142) 20. Qc2 Qxa2 21. b4 Qxc2 22. Rxc2 Nb3 23. Rd3 Be4 24. Rcc3 $16 {Meister,
P-Atlas,V/BL 1994/1-0 (75)}) 14... Rd8 15. Nd4 $146 {An improvement , as
compared with Bareev-Karpov game,but stiil not enough to get something real.} (
15. g4 $2 d6 $1 $15 16. Qd3 $6 (16. g5 $6 Nh5 $17) (16. Ne1) 16... Nxc3 17.
Rxc3 $2 (17. Qxc3 $8) 17... e5 $19 {/\ Re2 0-1 Bareev,E-Karpov,A/Tilburg 1991 
(24)}) 15... Nxc3 16. Qxc3 Bxg2 (16... d6 17. Nb5 $2 (17. Bxb7 Qxb7 18. Qf3
Qxf3 (18... Ne4 19. Nb5 {[%cal Gb5c3]} Rac8 20. b3 a6 21. Nc3 Nc5 22. Qxb7 Nxb7
$14) 19. exf3 $5 (19. Nxf3 Rac8 $11) 19... Rac8 (19... Rd7 20. Nc6 Bf8 21. b4
$14 {[%csl Gc6]}) 20. Nb5 Rd7 $1 21. b4 (21. Nxd6 $2 Rcd8 $19) 21... d5 (21...
a6 22. Nxd6 Rcd8 23. c5 bxc5 24. bxc5 Nd5 25. Ne4 f5 $13) 22. cxd5 Rxc1 23.
Rxc1 Nxd5 24. Rc8+ Rd8 25. Nxa7 Rxc8 26. Nxc8 Bxb4 $11) 17... Bxg2 18. Kxg2 e5
19. Be3 (19. Bg5 $2 Ne4 $19) 19... a6 20. Na3 $15 {[%csl Ga3]}) 17. Kxg2 a6 (
17... d5 $142 18. Qf3 Qb7 {see 17...Qb7}) (17... Qb7+ 18. Qf3 d5 (18... Qxf3+
19. Nxf3 (19. Kxf3 Rdc8 20. Nb5 {[%csl Gd6]} a6 21. Nd6 Rc6 22. Be5 {and black
under pressure.})) (18... Ne4 19. Nb5 $14) 19. cxd5 (19. Bg5 Rac8) 19... Nxd5
20. Be5 {[%cal Gc1c7]} Rac8 21. Rxc8 Qxc8 (21... Rxc8 22. Nf5 $14) 22. Nf5 exf5
23. Rxd5 Rxd5 24. Qxd5 Qe6 25. Qa8+ Bf8 26. Bc3 Qe4+ $11) 18. Qf3 Ra7 $1 {
[%cal Gc8b7]} 19. a3 (19. e4 $1 Qb7 (19... d6 $6 20. e5 dxe5 21. Bxe5 $16 {
[%cal Gd4c6]}) 20. e5 Ne8 21. Rd3 $14) 19... Qb7 20. b4 Rc8 21. Rc2 (21. Qxb7
Rxb7 22. Nf3 {[%csl Gd6,Rd7]} Kf8) 21... d6 (21... Qxf3+ 22. Kxf3 $142 $14 (22.
Nxf3 Nd5 (22... d5 $6 23. Rdc1) 23. Be5 (23. Bd2 Rac7 24. Rdc1 d6 25. Nd4 Nf6
$11) 23... d6 24. Bd4 Rac7 25. e4 Nf6 26. Bxf6 (26. Bxb6 Rxc4 (26... Rc6 27.
Be3 Nxe4 28. Rdc1 R6c7 $132) 27. Rxc4 Rxc4) 26... gxf6 27. Rdc1 d5 $11)) 22.
Nb3 {I think draw was agreed in position , which is full of live,but
objectively positions is about equal after the best.} (22. Nb3 Qxf3+ (22... d5
$2 23. Rdc1 {and black has real problems with c file.}) 23. Kxf3 Nd5 $1 (23...
Nd7 $2 24. Bxd6 Bxd6 25. Rxd6 Ne5+ 26. Kg2 Nxc4 27. Rxc4 $18) (23... d5 24.
Rdc1) 24. Bd2 Rac7 (24... f5 $2 25. Nd4) 25. Rdc1 (25. e4 $2 Nf6 26. Rdc1 Nd7
$17 {[%csl Rc4][%cal Gb6b5,Gd7e5]}) 25... Nf6 $1 {[%csl Gc4][%cal Gf6d7,Gd7e5]}
(25... b5 26. c5 dxc5 27. bxc5 Kf8 28. Ba5 Rc6 29. Bb4 $14 {[%cal Gb3a5]}) 26.
Bf4 Nd5 (26... Nd7 27. g4) 27. Bd2 $11 {]}) 1/2-1/2

[Event "Sigeman & Co 06th"]
[Site "Malmo"]
[Date "1998.06.09"]
[Round "1"]
[White "Degerman, Lars"]
[Black "Lautier, Joel"]
[Result "1/2-1/2"]
[WhiteElo "2490"]
[BlackElo "2645"]
[Annotator "Avrukh,B"]
[PlyCount "99"]
[EventDate "1998.06.09"]
[EventType "tourn"]
[EventRounds "9"]
[EventCountry "SWE"]
[EventCategory "13"]
[SourceTitle "CBM 066"]
[Source "ChessBase"]
[SourceDate "1998.09.30"]
[SourceVersion "1"]
[SourceVersionDate "1998.09.30"]
[SourceQuality "1"]

1. d4 Nf6 2. c4 e6 3. Nf3 b6 4. g3 Ba6 5. Qa4 Bb7 6. Bg2 c5 7. O-O cxd4 8. Nxd4
Bxg2 9. Kxg2 Qc7 10. f3 a6 11. Rd1 (11. e4 Be7 12. Rd1 O-O 13. Be3 Rc8 14. Nd2
d6 15. Rac1 Nbd7 16. b4 Qb7 17. Qb3 Ne5 $13 {Martinovsky,E-Browne,W/St.Martin
op 1991 (35)}) (11. Nb5 Qb7 12. N5c3 Be7 13. Be3 Nc6 14. Nd2 O-O 15. Rfd1 $11 {
1/2-1/2 Nikolic,P-Portisch,L/Reggio Emilia 1987}) 11... Ra7 (11... Be7 12. Be3
O-O 13. Nd2 {1/2-1/2 Popov,L-Popovic,P/Stara Pazova 1988}) (11... Qb7 12. Bg5
$5 Be7 13. Nc3 h6 14. Bxf6 Bxf6 15. Ne4 Be7 16. Rd3 O-O 17. Rad1 $14 {Pein,
M-Novikov,I/Perenyi-B 1989/1-0 (60)}) 12. Nc3 Be7 13. e4 O-O 14. Be3 Rc8 15.
Rac1 $1 d6 (15... Qxc4 $2 16. b3 $1 Qxa4 (16... Qb4 17. Nd5 $1 Rxc1 18. Nxe7+
Qxe7 19. Rxc1 Ne8 20. Rc8 Rb7 21. Bf4 $18) 17. Nxa4 Rac7 18. Nxb6 $1 Rxc1 19.
Bxc1 (19. Rxc1 $4 Rxc1 20. Bxc1 Bc5) 19... Rc7 (19... Rc3 20. Bf4 $16) 20. Bf4
d6 21. e5 Nh5 22. exd6 Nxf4+ 23. gxf4 Bxd6 24. Nxe6 Rc2+ 25. Kg3 Be7 26. Nd4
$16) 16. b4 Qb7 (16... Qxc4 $4 17. Ncb5 $18) 17. Qb3 Nbd7 18. Nb1 Qa8 $1 $13 {
[%cal Ga7c7]} (18... Ne5 19. a4 Raa8 $10) 19. Rc2 Rac7 20. Rdc1 Ne5 21. Nd2 (
21. a4 $2 Nxe4 $1 22. fxe4 Qxe4+ 23. Kf1 Qh1+ 24. Bg1 Bg5 $1 25. Re1 Rxc4 $19)
21... h6 22. a4 (22. a3 $5) 22... Nfd7 23. Bg1 a5 24. f4 $6 {[%csl Re4]
Weakening the pawn on e4 and giving to black an additional target.} (24. Nb5
Rb7 25. bxa5 bxa5 $15) 24... Nc6 25. Nxc6 Qxc6 26. b5 Qb7 27. Qd3 $1 (27. Qf3
Bf6 $15) 27... Rd8 28. Nf3 Nc5 $15 (28... Nf6 29. Re1 d5 $2 30. exd5 exd5 31.
cxd5 Rcd7 (31... Rxc2+ 32. Qxc2 Rxd5 33. Qc6 $1) 32. Ne5 $1 Rxd5 33. Qf3 Rd2+
34. Rxd2 Rxd2+ 35. Kh1 $16) 29. Bxc5 dxc5 30. Qe2 Bf6 (30... Rcd7 31. Ne5 Rd6
32. Nc6 R8d7 $10) 31. Rd2 Rxd2 (31... Rcd7 32. Rcd1 (32. Rxd7 $2 Qxd7 33. e5
Be7 34. Rc2 Qd3 35. Qxd3 Rxd3 $15) 32... Rxd2 33. Rxd2 Rxd2 34. Nxd2 Bc3 35.
Nf3 Qd7 $10) 32. Nxd2 e5 33. Nf3 $8 exf4 34. gxf4 Rd7 35. Kg3 g6 $6 {
Permitting white to equalize.After} (35... Bd4 $1 36. Rd1 Rd6 37. Nxd4 cxd4 38.
Qd3 Qc8 $1 $15 {black would keep better chanses.}) 36. e5 $1 Bg7 37. Rd1 $1 $10
Bf8 38. Rd3 Rxd3 39. Qxd3 Qc8 40. Qd5 Be7 41. Qc6 Qe6 42. Qxe6 {Now the draw
becomes inevitable.} fxe6 43. h4 Kf7 44. Kg4 h5+ 45. Kg3 Bd8 46. Ng1 Be7 47.
Nh3 Bd8 48. Nf2 Be7 49. Ne4 Ke8 50. Ng5 1/2-1/2

[Event "RUS-ch m3-4"]
[Site "Elista"]
[Date "1997.05.24"]
[Round "2.3"]
[White "Fominyh, Alexander"]
[Black "Epishin, Vladimir"]
[Result "1/2-1/2"]
[WhiteElo "2545"]
[BlackElo "2600"]
[Annotator "Avrukh,B"]
[PlyCount "69"]
[EventDate "1997.04.19"]
[EventType "k.o."]
[EventRounds "6"]
[EventCountry "RUS"]
[SourceTitle "CBM 059"]
[Source "ChessBase"]
[SourceDate "1997.08.01"]
[SourceVersion "1"]
[SourceVersionDate "1997.08.01"]
[SourceQuality "1"]

1. d4 Nf6 2. Nf3 e6 3. c4 b6 4. g3 Ba6 5. Qb3 c5 6. d5 exd5 7. cxd5 d6 8. Bg2 (
8. e4 Bxf1 9. Kxf1 g6 10. Kg2 Bg7 11. Nc3 O-O 12. Bf4 Re8 13. Rhe1 $5) 8... g6
9. O-O Bg7 10. Nc3 O-O 11. Bf4 (11. Re1 Nbd7 12. Bf4 Ne8 13. Bg5 Bf6 14. Bh6
Bg7 15. Bxg7 Kxg7 16. a4 Ne5 17. Nxe5 dxe5 18. e4 Nd6 19. Nd1 Qd7 $11 {0-1
Stajcic,N-Debnar,L/Topolcianky ch-SVK 1994 (44)}) (11. a4 Re8 12. Re1 Ne4 13.
Nxe4 Rxe4 14. Ng5 Rb4 (14... Rxe2 15. Rxe2 Bxe2 16. Bf4 Nd7 {deserve attention.
}) 15. Qf3 Qf6 (15... Qe7 $142) 16. Ne6 $1 fxe6 17. dxe6 Nc6 18. Qxc6 Rf8 19.
Bf4 $16 {Groszpeter,A-Stajcic,N/Kecskemet 1993/1-0 (53)}) 11... Re8 $146 {
[%cal Gf6e4] A slihgtly more active approach, than in the game mentioned below,
but on the whole black's idea to prevent e2-e4 is doubtful, because, they will
have a serious problems with development of their queenside pieces.} (11... Qe7
12. Rfe1 Nbd7 13. a4 Ng4 14. Bg5 Bf6 15. Bxf6 Qxf6 16. h3 Nge5 17. Nd2 c4 18.
Qc2 Nc5 19. Nce4 $1 $14 {Fominyh,A-Obukhov,A/RUS-Cup5 Ekaterinburg 1997/1-0 
(62)}) (11... Ne8 $142 12. Rfe1 Nd7 13. e4 $140 Ne5 14. Nxe5 dxe5 15. Be3 Nd6)
12. Rfe1 (12. Qc2 b5 $1 13. Rfe1 b4 14. Na4 Nxd5 $1 15. Ng5 Nxf4 16. gxf4 Nd7
17. Bxa8 Qxa8 {with more than enough compensation.}) 12... Ne4 13. Qc2 $2 (13.
Nxe4 $1 Rxe4 14. Qc2 Rc4 (14... Re8 15. e4 Qc7 {[%csl Gd6] otherwise black has
problems with development on queenside.} 16. e5 dxe5 17. d6 Qc8 (17... Qxd6 18.
Nxe5 $18) 18. Bxe5 {with big advantage for white.}) 15. Qd2 Qe7 16. e4 $1 Nd7 (
16... Rxe4 17. Rxe4 (17. Ng5 Re2 (17... Rxe1+ 18. Rxe1 Qd8 19. Ne4 Nd7 (19...
Be5 20. Bxe5 dxe5 21. d6 Nd7 22. Ng5 $16 {[%csl Gf7][%cal Gg2d5]}) 20. Nxd6 Nf6
21. b3 Qd7 22. Nc4 $14) 18. Rxe2 Qxe2 19. Re1 (19. Qxe2 Bxe2 20. Re1 Bb5 21.
Bxd6 {and white is better})) 17... Qxe4 18. Re1 Qa4 19. Bxd6 Nd7 20. b3 Qg4 21.
h3 Qf5 22. g4 Qf6 23. Be7 Qc3 24. d6 $16) 17. e5 $1 $16 (17. Bf1 Ra4)) 13...
Qe7 $6 (13... Nxc3 $142 14. bxc3 Qc7 15. e4 Nd7 {[%cal Ge8e7,Ga8e8,Gb6b5] with
comfortable position.}) 14. Nxe4 Qxe4 15. Qxe4 (15. Qd2 $5 {[%csl Re4][%cal
Gf3e5]} Qe7 16. Rac1 (16. e4 Nd7) 16... Nd7 17. b4 $1 Nf6 (17... Bb7 $142) 18.
bxc5 bxc5 19. Qa5 Bc8 20. e4 $16) 15... Rxe4 16. Bxd6 $2 (16. Ng5 $3 $32 {
[%csl Ra6,Ra8,Rb8][%cal Gg5e6,Gg2a8]} Rb4 (16... Re8 17. Ne6 $1 $16 (17. Ne4
Bxb2 18. Nxd6 $16)) (16... Rxf4 17. gxf4 Bxb2 18. Rab1 (18. Rad1 Bc3 19. Ne6)
18... Bc3 19. Ne6 Bxe1 20. Rxe1 fxe6 21. dxe6 Nc6 (21... Bc4 22. Bxa8 Bxe6 23.
Rd1 Bxa2 24. Rxd6 $18) 22. Bxc6 Rc8 23. Bd7 Rb8 24. e4 (24. e7 Kf7 25. e8=Q+
Rxe8 26. Bxe8+ Kxe8 27. e4 $14) 24... Kf8 25. Re3 {[%cal Ge3a3,Ge3h3]} Bb7 26.
Rh3 h5 27. f5 Ke7 28. f6+ $1 Kxf6 29. Rf3+ Kg7 30. e7 $18) 17. Ne6 $1 Bxb2 (
17... fxe6 18. dxe6 $18) 18. Rab1 (18. Nc7 Bxa1 19. Rxa1 Bb7 20. Nxa8 Bxa8 21.
Bxd6 Nd7 $11) 18... Bc3 19. Rxb4 $16) 16... Nd7 17. Rab1 (17. Ng5 Rb4 (17...
Rxe2 18. Rxe2 Bxe2 19. Re1 Bb5 20. Be7 {and white's d pawn is very dangerous.})
18. Be7 (18. Ne6 Bxb2 19. Rab1 Bc4 $17) 18... h6 19. d6 Rc8 20. Bh3 f5 $132)
17... Rxe2 18. Rxe2 (18. Be7 Rxb2) 18... Bxe2 19. b3 $6 (19. Re1 Ba6 {with
equal chances.} (19... Bxf3 $2 20. Bxf3 Bxb2 21. Bc7 {and white's d pawn is
very dangerous for black.})) 19... c4 20. bxc4 (20. Re1 $142 Bxf3 (20... Bd3)
21. Bxf3 c3 22. Bf4 Rc8 23. Re7 $132) 20... Bxc4 21. Nd2 ({ending after} 21. a3
Bxd5 {is hopeless}) 21... Bxa2 22. Rc1 {[%csl Ga2]} Nf6 (22... Re8 $2 23. Rc2 (
23. Rc7 Nf6 24. Rxa7 Bxd5) 23... Re1+ 24. Nf1 Bb3 25. Rc7 {and white's
countrplay enough for draw.}) 23. Be5 $2 (23. Be7 Nxd5 (23... Bxd5 $4 24. Bxf6
Bxg2 25. Bxg7 $18) 24. Rc2 Re8 25. Rxa2 Nxe7 26. Rxa7 {and white has drawing
chances.}) 23... Re8 24. Bxf6 (24. Ra1 Rxe5 25. Rxa2 Re1+ 26. Nf1 a5 $19) 24...
Bxf6 25. Ne4 Bb2 (25... Be5 {also enough for the win.}) 26. Rd1 f5 27. Nd6 (27.
Ng5 Bf6 28. Ne6 a5 $19) 27... Bb3 (27... Re7 28. Rd2 Ba3 29. Rxa2 Bxd6 30. Bf1
a5 31. Bb5 {and white has some chances.}) 28. Rb1 Re2 (28... Bc2 $2 29. Rxb2
Re1+ 30. Bf1 Bd3 31. Nc8 Bxf1 32. f4 Bc4+ 33. Kf2 $132) 29. Bf1 (29. Kf1 Rd2
30. Ke1 Rc2 $19) 29... Rd2 30. Bc4 Rd1+ $6 ({more easy was} 30... Be5 31. Rxb3
Bxd6 32. Re3 a5 $19) ({or} 30... Ba4 31. Nc8 b5 32. Bf1 a6 (32... Bd4 33. Bxb5
Rxf2 34. Rb4 Rd2+ 35. Kf1) 33. Re1 Ba3 $19) 31. Rxd1 Bxd1 32. Nc8 Kf8 $2 (32...
b5 33. Bxb5 a5 34. d6 a4 35. d7 Bf6 36. Nd6 Bb3 $19) (32... a5 33. d6+ Kf8 34.
d7 Bf6 35. Nxb6 a4 36. Kf1 Bb3 {also must be winning for black.}) 33. Nxa7 $11
Ba4 34. Nb5 Bxb5 35. Bxb5 1/2-1/2

[Event "London Agency"]
[Site "London"]
[Date "1998.06.20"]
[Round "6"]
[White "Bates, Richard"]
[Black "Wells, Peter K"]
[Result "0-1"]
[WhiteElo "2430"]
[BlackElo "2530"]
[Annotator "Avrukh,B"]
[PlyCount "82"]
[EventDate "1998.06.15"]
[EventType "tourn"]
[EventRounds "9"]
[EventCountry "ENG"]
[EventCategory "9"]
[SourceTitle "CBM 066"]
[Source "ChessBase"]
[SourceDate "1998.09.30"]
[SourceVersion "1"]
[SourceVersionDate "1998.09.30"]
[SourceQuality "1"]

1. d4 Nf6 2. Nf3 e6 3. c4 b6 4. g3 Ba6 5. b3 Bb4+ 6. Bd2 Be7 7. Bg2 c6 8. Bc3
d5 9. Nbd2 Nbd7 10. O-O O-O 11. a3 $6 $146 {Very strange move and even very
difficult to explain it's idea.} (11. Bb2 Rc8 12. Rc1 c5 (12... Re8 13. Re1 Bb7
14. e4 dxe4 15. Ng5 Bb4 16. Re2 $5 c5 17. Ndxe4 Nxe4 18. Bxe4 Qxg5 19. Bxb7 Rc7
20. Bg2 cxd4 21. Qxd4 Bc5 22. Qd2 Qe7 23. Rd1 Nf6 24. Qf4 $14 {[%csl Gb2,Gg2]
1/2-1/2 Ftacnik,L-Pinter,J/AUT-chT9697 1996 (43)}) 13. Re1 (13. Rc2 Re8 (13...
b5 $6 14. dxc5 bxc4 $6 (14... Nxc5 15. cxb5 Bxb5 16. Nd4 $14) 15. b4 Bb5 16.
Rc1 {[%cal Ga2a4]} a5 17. a3 (17. a4 axb4 $1 18. Bxf6 Bxf6 19. axb5 Nxc5 $44 {
[%csl Rb4,Rc4]}) 17... axb4 18. axb4 Nb8 19. Nd4 Qd7 20. Ra1 (20. N2f3 Ba4)
20... Qb7 21. Nxb5 Qxb5 22. Qa4 Qxa4 23. Rxa4 Ne8 24. e4 $16 {Portisch,
L-Farago,I/HUN-ch 1991/1/2-1/2 (53)}) 14. Qb1 Bf8 15. Rd1 Qc7 16. Rcc1 Qb8 17.
e4 cxd4 18. cxd5 e5 $15 {1/2-1/2 Rausis,I-Farago,I/Hyeres op 1992}) 13... cxd4
$6 (13... Bb7 $11) 14. Nxd4 Bb7 15. a3 Ba8 16. cxd5 Nxd5 17. e4 N5f6 18. Nc4 $1
$16 a6 19. e5 Nd5 20. Nf5 exf5 21. Bxd5 Bxd5 22. Qxd5 Nc5 23. Nd6 Qd7 24. Nxc8
$18 {1-0 Larsen,B-Karpov,A/Brussels blitz 1987 (42)}) (11. Ne5 Rc8 12. Nxd7
Qxd7 13. e4 Nxe4 14. Nxe4 dxe4 15. Bxe4 b5 16. Qe2 (16. c5 b4) 16... bxc4 17.
Rfd1 Bf6 18. bxc4 Qe7 {1/2-1/2 Smyslov,V-Portisch,L/New York op 1987}) (11. a4
$6 c5 12. a5 b5 13. dxc5 Nxc5 14. Rc1 bxc4 15. bxc4 Nce4 16. Nxe4 Nxe4 17. cxd5
Nxc3 18. Rxc3 Qxa5 19. Rc2 exd5 20. Ne5 {[%csl Rc6]} Bb5 21. Qxd5 Rad8 22. Qb7
Bf6 23. Nc6 {1/2-1/2 Karolyi,T-Tiviakov,S/Clichy op 1991}) 11... Rc8 12. Bb2
Re8 (12... c5 $142 13. Rc1 dxc4 $5 14. Nxc4 (14. bxc4 $6 Bb7 $1 (14... cxd4 15.
Nxd4 Qc7 16. Nb5 Qb8 17. Ne4 Nxe4 18. Qxd7 Bf6 19. Bxf6 Nxf6 20. Qxa7 $11) 15.
e3 Qc7 16. Qb3 Rfd8 $15) 14... Bb7 15. dxc5 (15. Nce5 $5 cxd4 16. Rxc8 Qxc8 17.
Qxd4 Nxe5 18. Qxe5 (18. Nxe5 $2 Bxg2 19. Kxg2 Qc2 $1 $17 {[%cal Gf8d8,Ge7c5]})
18... Rd8 $11) 15... Nxc5 {[%csl Rb3]}) 13. Re1 c5 14. cxd5 Nxd5 (14... exd5 $5
) 15. dxc5 (15. e4 N5f6 16. b4 $1 (16. Rc1 cxd4 $1 17. Rxc8 Qxc8 18. e5 Nd5 19.
Nxd4 Nc5 $15 {[%csl Gd3]}) 16... Bd3 $5 $13) 15... Bf6 $6 (15... Nxc5 $142 16.
b4 Nd7 17. Qa4 Nb8 18. b5 Qd7 19. Bxg7 $1 (19. Qg4 $2 Bf6 $17) 19... Qxb5 20.
Qg4 (20. Qxb5 Bxb5 $11) 20... f5 21. Qd4 Nc6 22. Qb2 Qxb2 23. Bxb2 Bf6 24. Bxf6
Nxf6 25. e4 $11) 16. Bxf6 N7xf6 17. Rc1 Rxc5 (17... bxc5 $2 18. e4 Ne7 19. e5
Nfd5 20. Ne4 $16) 18. Rxc5 bxc5 19. Qc2 $2 (19. Qc1 $142 $1 Qa5 20. Ne5 $14 {
[%cal Ge3e4]}) 19... Qa5 {[%csl Ra3]} 20. e4 Nb6 (20... Nc3 $2 {[%csl Rc3]} 21.
Bf1 Bxf1 22. Kxf1 Qb5+ 23. Kg2 $16) 21. e5 Nfd7 22. Ra1 $2 (22. Ng5 Nf8 23. Be4
$1 Ng6 24. Rc1 (24. h4 c4 $1) 24... Qxa3 25. Qxc5 Qxc5 26. Rxc5 Rd8 27. Bxg6
hxg6 28. Nge4 $11) 22... h6 23. Ne4 Nd5 {[%csl Ra3,Rb3]} 24. Nfd2 Rb8 $1 25.
Nc4 $8 Bxc4 26. bxc4 Ne7 $1 $17 {[%csl Rd4][%cal Ge7f5,Gf5d4]} 27. f4 Nf5 28.
Qc3 (28. Qf2 Rb3 $6 (28... Nd4 $1 $17) 29. Rd1 Ne3 30. Qd2 $1 Qxd2 31. Rxd2 $11
) 28... Qxc3 29. Nxc3 Rb2 30. Bc6 $2 (30. Rb1 Rc2 31. Ne4 Ne3 (31... Rxc4 32.
Rb7) 32. Bf3 Nb6 33. Nxc5 Rxc4 34. Rb5 (34. Ne4 Ra4 35. Rb3 Nec4 $17) 34... Nc2
35. Ra5 Rc3 $17) 30... Nb6 31. Ne4 Nd4 $19 32. Bb5 Nxb5 33. cxb5 Rxb5 34. Rd1
c4 35. h4 Rd5 36. Rc1 Rd3 37. Kf2 Rxa3 38. Nd6 Ra4 39. Ke3 Nd5+ 40. Kd4 c3+ 41.
Kd3 Ra2 0-1